000 00977nam a2200241Ia 4500
001 895.6-STO oc (17472)
003 IT-MiSPE
008 171229s9999||||xx |||||||||||||| ||und||
040 _aIT-MiSPE
_cIT-MiSPE
041 _aITALIANO
100 _aAnonimo
240 _aOchikubo monogatari
245 0 _aStoria di Ochikubo
250 _a1a ed. (v)
260 _aVenezia
_bMarsilio
_c1992
300 _a292 p.
_c18 cm
490 _aMille gru
501 _aEdizioni San Paolo srl - Piazza Soncino, 5 - 20092 CINISELLO BALSAMO (MI) (non commercial uses only) ® Copyright 2018
700 _aAndrea Maurizi
942 _cBK
957 _71
999 _a3856
_bNO
_g Copie: 1
_c355446
_d355446